01472cam a2200289Ii 4500008004100000111014200041245032200183260006700505300004600572440005600618500002000674504004100694650003400735650003500769650003400804650004800838650004700886650003800933700002000971700001800991710007101009710004901080710002601129003000101155005001701156040000901173 2 aInternational Conference on High Temperature High Pressure Electrochemistry in Aqueous Solutionsd(1973 :cUniversity of Surrey, England)10aHigh temperature high pressure electrochemistry in aqueous solutions, January 7-12, 1973, University of Surrey, England :b[papers]/ sponsors, Central Electricity Research Laboratory, England, National Association of Corrosion Engineers, USA,University of Surrey, England ; co-chairmen, D. de G. Jones, R. W. Staehle. aTexas. :bNational Association of Corrosion Engineers,cc1976. ai10, 578, 9i p. :bill., ports. ;c29 cm. 0aInternational corrosion conference series ;vNACE-4 aIncludes index. aIncludes bibliographical references. 0aStress corrosionvCongresses. 0aAlloysxCorrosionvCongresses. 0aElectrochemistryvCongresses. 0aMaterials at high temperaturesvCongresses. 0aCorrosion and anti-corrosivesvCongresses. 0aSolution (Chemistry)vCongresses.1 aJones, D. de G.1 aStaehle, R.W.1 aLeatherhead (England).bCentral Electricity Research Laboratories.2 aNational Association of Corrosion Engineers.2 aUniversity of Surrey.20230123141109.0 cNUST